000 00356nam a2200133Ia 4500
008 210210b1972 xxu||||| |||| 00| 0 eng d
082 _a820.3087 GANK
100 _aGANGOLLI (Shobha).
245 _aKidnappers at nandipur.
260 _aBombay
_bIndia Book House Education Trust
_c1972
300 _a68
690 _aIndian English Fiction
906 _a031780
999 _c82904
_d82904